Statistics for Portland Trail Blazers Top 10 Leaders

Click here to take the quiz!

General Stats

  • This quiz has been taken 445 times
    (349 since last reset)
  • The average score is 8 of 23

Answer Stats

Player% Correct
Damian Lillard
100%
Clyde Drexler
96%
Bill Walton
83%
CJ McCollum
80%
LaMarcus Aldridge
78%
Terry Porter
53%
Rasheed Wallace
44%
Arvydas Sabonis
35%
Buck Williams
33%
Clifford Robinson
30%
Damon Stoudamire
29%
Jerome Kersey
29%
Geoff Petrie
22%
Jim Paxson
18%
Mychal Thompson
16%
Rod Strickland
14%
Lionel Hollins
13%
Sidney Wicks
13%
Bob Gross
7%
Joel Przybilla
7%
Larry Steele
6%
Lloyd Neal
4%
Wayne Cooper
4%

Score Distribution

Percentile by Number Answered

Percent of People with Each Score

Your Score History

You have not taken this quiz since the last reset